000 00723nam a2200241 i 4500
001 bg
245 0 0 _aPrzyroda Pomorza Zachodniego /
_cRyszard Borówka [et al] ; fot. Marek Czasnojć [et al.].
260 _aSzczecin :
_bOficyna IN PLUS,
_c2002.
300 _a463 s. :
_bil. ;
_c30 cm.
504 _aBibliogr.
650 9 _aPrzyroda
_xochrona
_zPolska
651 9 _aPomorze Zachodnie
_xprzyroda
_xochrona
651 9 _aPomorze Zachodnie
_xfauna i flora
_xochrona
700 1 _aBORÓWKA, Ryszard
020 _a8391082784
040 _cBPK
041 0 _apl
080 _a502:581.9+591.9](438)
920 _a83-910827-8-4
942 _cKS
008 s pl f |000 0 pol
999 _c41886
_d41886
856 _uhttp://koha.tu.koszalin.pl/cgi-bin/koha/opac-detail.pl?biblionumber=41886
_yKatalog online BPK